Normal view
MARC view
Entry Personal Name
001 - CONTROL NUMBER
- control field: 1272
003 - CONTROL NUMBER IDENTIFIER
- control field: OSt
005 - DATE AND TIME OF LATEST TRANSACTION
- control field: 20110420140421.0
008 - FIXED-LENGTH DATA ELEMENTS
- fixed length control field: 110420|||a|||||| | ||| d
040 ## - CATALOGING SOURCE
- Original cataloging agency: OSt
- Transcribing agency: OSt
100 ## - HEADING--PERSONAL NAME
- Personal name: Cartwright, John,
- Dates associated with a name: 1957-
670 ## - SOURCE DATA FOUND
- Source citation: Work cat.: (OSt)0: Cheshire, G. C. (Geoffrey Chevalier), 1886-1978. 1269, Cheshire and Burn's modern law of real property /, 2006.
